[Event "FRA-ch U12/16 Girls"]
[Site "Agen"]
[Date "2023.04.24"]
[Round "3"]
[White "Schebacher, Solene"]
[Black "Deladerriere, Calypso"]
[Result "1-0"]
[WhiteElo "1716"]
[BlackElo "1875"]
[PlyCount "91"]
[EventDate "2023.04.23"]
[EventType "swiss"]
[EventRounds "9"]
[EventCountry "FRA"]
[SourceTitle "CBM 214 Extra"]
[Source "ChessBase"]
[SourceDate "2023.07.31"]
[SourceVersion "1"]
[SourceVersionDate "2023.07.31"]
[SourceQuality "1"]

1. e4 d5 2. exd5 Qxd5 3. Nc3 Qd6 4. d4 Nf6 5. Bd3 g6 6. Nge2 Bg7 7. Bf4 Qd8 8. 0-0 0-0 9. Bg3 Nc6 10. Nb5 a6 11. Nxc7 Ra7 12. d5 Nb4 13. Bc4 b5 14. Bb3 Rxc7 15. Bxc7 Qxc7 16. c3 Nbxd5 17. Bxd5 Rd8 18. Bxf7+ Kxf7 19. Qc2 Bf5 20. Qb3+ Be6 21. Qc2 h5 22. Rad1 Ng4 23. g3 Ne5 24. f3 Nc4 25. Nf4 Bf5 26. Qb3 e6 27. Rxd8 Qxd8 28. Qd1 Qb6+ 29. Rf2 Qa7 30. Qe2 Bf8 31. g4 hxg4 32. fxg4 g5 33. Nd3 Bc5 34. Nxc5 Qxc5 35. gxf5 exf5 36. Qh5+ Ke6 37. Qg6+ Ke7 38. Qxg5+ Ke6 39. Qg6+ Ke7 40. Qxf5 Qe3 41. Kg2 Nd6 42. Qf4 Qc5 43. Qf8+ Kd7 44. Rf7+ Ke6 45. Re7+ Kd5 46. Qf3+ 1-0

[Event "Trophee Roza Lallemand Online"]
[Site "Tornelo INT"]
[Date "2020.12.13"]
[Round "6"]
[White "Schebacher, Solene"]
[Black "Besson, Catherine"]
[Result "1-0"]
[WhiteElo "1859"]
[BlackElo "1096"]
[PlyCount "71"]
[EventDate "2020.12.13"]
[EventType "swiss (rapid)"]
[EventRounds "9"]
[EventCountry "USA"]
[SourceTitle "EXT 2022"]
[Source "ChessBase"]
[SourceDate "2021.10.06"]
[SourceVersion "1"]
[SourceVersionDate "2021.10.06"]
[SourceQuality "1"]

1. e4 e6 2. d4 d5 3. Nd2 Nf6 4. e5 Nfd7 5. Bd3 c5 6. c3 Nc6 7. Ndf3 cxd4 8. cxd4 f6 9. exf6 Nxf6 10. Bg5 Be7 11. Qc2 Bd7 12. Ne2 Qa5+ 13. Bd2 Qc7 14. Bf4 Bd6 15. Ne5 Nxe5 16. dxe5 Bxe5 17. Qxc7 Bxc7 18. Bxc7 0-0 19. 0-0 Rac8 20. Bf4 Ng4 21. h3 Nf6 22. Rac1 Nh5 23. Be3 e5 24. Bxa7 e4 25. Bb1 Nf6 26. a3 Bb5 27. Nc3 Bxf1 28. Kxf1 Rfd8 29. Ba2 Kh8 30. Rd1 d4 31. Rxd4 Rxd4 32. Bxd4 Rd8 33. Bxf6 gxf6 34. Nxe4 Rd1+ 35. Ke2 Rb1 36. Bxb1 1-0

[Event "Basel op"]
[Site "Basel"]
[Date "2020.01.03"]
[Round "2"]
[White "Schebacher, Solene"]
[Black "Dittmar, Peter"]
[Result "0-1"]
[WhiteElo "1798"]
[BlackElo "2226"]
[PlyCount "130"]
[EventDate "2020.01.02"]
[EventType "swiss"]
[EventRounds "7"]
[EventCountry "SUI"]
[SourceTitle "EXT 2021"]
[Source "ChessBase"]
[SourceDate "2020.10.23"]
[SourceVersion "1"]
[SourceVersionDate "2020.10.23"]
[SourceQuality "1"]

1. e4 c6 2. d4 d5 3. e5 c5 4. c3 Nc6 5. h3 Bf5 6. g4 Be4 7. f3 Bxb1 8. Rxb1 cxd4 9. cxd4 e6 10. a3 Qb6 11. Be3 Nxe5 12. Qa4+ Nc6 13. Bb5 Bd6 14. Bd2 a6 15. Bxc6+ bxc6 16. Bc3 Ne7 17. Ne2 0-0 18. b4 c5 19. 0-0 c4 20. f4 Rae8 21. b5 axb5 22. Rxb5 Qc6 23. Bb4 Ra8 24. Ba5 Ra6 25. Nc3 Rfa8 26. Rf2 Rxa5 27. Rxa5 Qxa4 28. Rxa4 Rxa4 29. Nxa4 Bxa3 30. Nc3 g6 31. Rc2 Nc6 32. Nb5 Be7 33. Kf2 Nb4 34. Rc3 Nd3+ 35. Ke3 h6 36. Rc2 Nb4 37. Rc1 Kg7 38. Rf1 Kf6 39. Rc1 g5 40. Rd1 Kg6 41. Kf3 Nd3 42. fxg5 hxg5 43. Ke3 Nf4 44. Rh1 Bd8 45. Kf3 Nd3 46. Ra1 Nb4 47. Ra4 Nc2 48. Ra2 Ne1+ 49. Ke2 Nd3 50. Kf3 Bf6 51. Rd2 Be7 52. Ke3 Nc1 53. Rc2 Nb3 54. Kf2 Bb4 55. Ke3 Ba5 56. Ke2 Bb6 57. Rc3 Nxd4+ 58. Nxd4 Bxd4 59. Rc2 Kf6 60. Kf3 e5 61. Rc1 e4+ 62. Ke2 Be5 63. Rd1 d4 64. Kd2 Bf4+ 65. Kc2 Ke5 0-1